[Event "Targu Mures op 3rd"]
[Site "Targu Mures"]
[Date "2022.06.06"]
[Round "3"]
[White "Ferenczi, Sandor Levente"]
[Black "Andronescu, Madalin"]
[Result "1/2-1/2"]
[WhiteElo "1898"]
[BlackElo "2076"]
[PlyCount "99"]
[EventDate "2022.06.05"]
[EventType "swiss"]
[EventRounds "9"]
[EventCountry "ROU"]
[SourceTitle "EXT 2024"]
[Source "ChessBase"]
[SourceDate "2023.10.10"]
[SourceVersion "1"]
[SourceVersionDate "2023.10.10"]
[SourceQuality "1"]

1. e4 c5 2. Nc3 Nc6 3. f4 g6 4. Nf3 Bg7 5. Bb5 Nd4 6. Bc4 a6 7. a4 e6 8. e5 d5 9. exd6 Qxd6 10. d3 Nh6 11. Ne4 Qc7 12. c3 Ndf5 13. 0-0 0-0 14. Ne5 b6 15. Ng5 Bb7 16. Qe2 Bd5 17. Ne4 Nd6 18. Bxd5 exd5 19. Nxd6 Qxd6 20. Bd2 Rfe8 21. Qf3 Nf5 22. g4 Ne7 23. g5 Bxe5 24. fxe5 Qe6 25. d4 cxd4 26. cxd4 Nf5 27. Qd3 Rac8 28. Rac1 Rc4 29. Rxc4 dxc4 30. Qe4 Rd8 31. Bc3 b5 32. axb5 axb5 33. Rd1 Qb6 34. Kg2 h6 35. gxh6 Kh7 36. Rf1 b4 37. Rxf5 gxf5 38. Qxf5+ Qg6+ 39. Qxg6+ Kxg6 40. Bxb4 Rxd4 41. Bc3 Rd3 42. Kf2 Kxh6 43. Ke2 Kg6 44. h4 Kh5 45. Be1 Rd5 46. Bc3 Kxh4 47. Ke3 Kg3 48. Ke4 Rd7 49. Bd4 Kg2 50. Bc5 1/2-1/2

[Event "Targu Mures op"]
[Site "Targu Mures"]
[Date "2019.10.20"]
[Round "6"]
[White "Ferenczi, Sandor Levente"]
[Black "Rusan, Paul Cristian"]
[Result "0-1"]
[WhiteElo "1902"]
[BlackElo "2105"]
[PlyCount "79"]
[EventDate "2019.10.17"]
[EventType "swiss"]
[EventRounds "7"]
[EventCountry "ROU"]
[SourceTitle "CBM 192 Extra"]
[Source "Chessbase"]
[SourceDate "2019.11.06"]
[SourceVersion "1"]
[SourceVersionDate "2019.11.06"]
[SourceQuality "1"]

1. e4 g6 2. d4 Bg7 3. c4 d6 4. Nc3 Nf6 5. f3 0-0 6. Be3 Nc6 7. Qd2 a6 8. 0-0-0 Re8 9. g4 e5 10. Nge2 b5 11. d5 Na5 12. Ng3 Nxc4 13. Bxc4 bxc4 14. h4 Nd7 15. h5 Nc5 16. Bxc5 dxc5 17. hxg6 hxg6 18. g5 Rb8 19. Rh2 Rb6 20. Kb1 Bd7 21. Rdh1 Qe7 22. d6 Rxd6 23. Nd5 Rxd5 24. Qxd5 Be6 25. Qd2 Rd8 26. Qc1 Rd3 27. Rf2 Qd8 28. Rff1 c3 29. Rd1 cxb2 30. Qc2 c4 31. Ne2 c6 32. Kxb2 Bf8 33. Ka1 Qa5 34. Rh2 Bb4 35. Rf2 Bd2 36. Rb1 Bxg5 37. Nc1 Ra3 38. Rh2 Kg7 39. Rb8 Rc3 40. Rh7+ 0-1

[Event "ROM-ch"]
[Site "Targu Mures"]
[Date "2014.05.03"]
[Round "10"]
[White "Ferenczi, Sandor Levente"]
[Black "Turcu, Iulian1111"]
[Result "0-1"]
[WhiteElo "1957"]
[BlackElo "2086"]
[PlyCount "124"]
[EventDate "2014.04.26"]
[EventType "swiss"]
[EventRounds "11"]
[EventCountry "ROU"]
[SourceTitle "CBM 160 Extra"]
[Source "ChessBase"]
[SourceDate "2014.07.01"]
[SourceVersion "1"]
[SourceVersionDate "2014.07.01"]
[SourceQuality "1"]

1. e4 c5 2. Nf3 Nc6 3. d4 cxd4 4. Nxd4 Nf6 5. Nc3 g6 6. Bc4 Bg7 7. f3 d6 8. Be3 Bd7 9. Qd2 a6 10. Bb3 b5 11. Nxc6 Bxc6 12. 0-0-0 h5 13. Nd5 Bxd5 14. Bxd5 Rc8 15. Kb1 Qc7 16. Qf2 Nd7 17. Rd2 a5 18. a3 a4 19. Bd4 e5 20. Bc3 Bh6 21. Re2 Qb8 22. Qh4 Bg7 23. Rd1 Bf6 24. Qh3 Nb6 25. Bb4 Be7 26. g4 h4 27. g5 Kf8 28. Qg4 Rh5 29. f4 Nc4 30. Bxc4 Rxc4 31. f5 Rxb4 32. axb4 Rxg5 33. Qxh4 Rh5 34. Qf2 gxf5 35. exf5 Rh6 36. Qf3 Bg5 37. Qc6 Qe8 38. Qxe8+ Kxe8 39. Rd5 Bf4 40. Rxb5 Bxh2 41. c4 Bf4 42. c5 Rh1+ 43. Ka2 dxc5 44. Rxc5 f6 45. Rc7 Kd8 46. Rf7 Bg5 47. b5 Kc8 48. b6 Kb8 49. b7 Rc1 50. Rh2 Rc7 51. Rf8+ Kxb7 52. Rhh8 Kc6 53. Ra8 Kc5 54. Kb1 e4 55. Kc2 Kd5+ 56. Kd1 Kd4 57. b4 e3 58. Rh2 Bf4 59. Rg2 Rc4 60. b5 Bc7 61. Re2 Bb6 62. Ke1 Ke4 0-1

[Event "ROM-ch"]
[Site "Targu Mures"]
[Date "2014.05.02"]
[Round "9"]
[White "Martian, Dragos Daniel"]
[Black "Ferenczi, Sandor Levente"]
[Result "1-0"]
[WhiteElo "2188"]
[BlackElo "1957"]
[PlyCount "45"]
[EventDate "2014.04.26"]
[EventType "swiss"]
[EventRounds "11"]
[EventCountry "ROU"]
[SourceTitle "CBM 160 Extra"]
[Source "ChessBase"]
[SourceDate "2014.07.01"]
[SourceVersion "1"]
[SourceVersionDate "2014.07.01"]
[SourceQuality "1"]

1. e4 c5 2. c3 d5 3. exd5 Qxd5 4. d4 cxd4 5. cxd4 Nc6 6. Nf3 Bg4 7. Be2 Nf6 8. Nc3 Qa5 9. h3 Bh5 10. 0-0 e6 11. Bb5 Rd8 12. g4 Bg6 13. Ne5 Qb6 14. Be3 Nd5 15. Qa4 Be7 16. Bxc6+ bxc6 17. Nxd5 Rxd5 18. Nxc6 Kf8 19. Rac1 a5 20. Bf4 Bd8 21. Rc5 Be4 22. Rxd5 Bxd5 23. Bd6+ 1-0

[Event "ROM-ch"]
[Site "Targu Mures"]
[Date "2014.05.01"]
[Round "7"]
[White "Ferenczi, Sandor Levente"]
[Black "Meleg, Victor"]
[Result "1-0"]
[WhiteElo "1957"]
[BlackElo "1754"]
[PlyCount "91"]
[EventDate "2014.04.26"]
[EventType "swiss"]
[EventRounds "11"]
[EventCountry "ROU"]
[SourceTitle "CBM 160 Extra"]
[Source "ChessBase"]
[SourceDate "2014.07.01"]
[SourceVersion "1"]
[SourceVersionDate "2014.07.01"]
[SourceQuality "1"]

1. e4 d5 2. exd5 Qxd5 3. Nc3 Qd8 4. d4 g6 5. Nf3 Bg7 6. h3 c6 7. Bc4 Nf6 8. Ne5 0-0 9. Be3 Nbd7 10. Qd2 Nxe5 11. dxe5 Qxd2+ 12. Bxd2 Ne8 13. f4 Nc7 14. 0-0-0 b5 15. Be2 a5 16. Bf3 Bb7 17. Ne4 Ne6 18. Be3 Rfd8 19. g3 Kf8 20. Bb6 Rxd1+ 21. Rxd1 Ke8 22. Bg4 c5 23. Bxe6 Bxe4 24. Bd7+ Kf8 25. Bxb5 Bh6 26. h4 Rb8 27. Rd8+ Rxd8 28. Bxd8 Bd5 29. Bxa5 f6 30. exf6 exf6 31. Bb6 c4 32. Bc5+ Kf7 33. Be3 Bf8 34. c3 Ke6 35. a4 h6 36. a5 Kf5 37. Kd2 Ke4 38. Bf2 Kf3 39. Ke1 g5 40. hxg5 hxg5 41. fxg5 fxg5 42. a6 Bd6 43. a7 Bxg3 44. Bxg3 Kxg3 45. Bxc4 Ba8 46. Be6 1-0